Métro Parisien : Portes et Saints - Statistiques

Statistiques générales
  • Ce quiz a été pris 263 fois
  • Le résultat moyen est 36 sur 52
Statistiques - réponses
Type de quiz Hint Réponse % Correct
Saints Lignes 3, 9, 12, 13, 14 Saint Lazare
86%
Portes Ligne 1 Porte de Vincennes
84%
Saints Ligne 13 Porte de Saint Ouen
83%
Portes Ligne 13 Porte de Saint Ouen
83%
Portes Ligne 4 Porte de Clignancourt
83%
Saints Ligne 4 Saint Sulpice
83%
Portes Ligne 7 Porte d'Ivry
79%
Saints Ligne 4 Saint Placide
79%
Portes Ligne 13 Porte de Clichy
78%
Portes Lignes 3bis, 11 Porte des Lilas
78%
Portes Ligne 7 Porte d'Italie
78%
Portes Ligne 1 Porte Maillot
78%
Saints Ligne 1 Saint Paul
78%
Portes Ligne 9 Porte de Montreuil
77%
Portes Ligne 4 Porte d'Orléans
77%
Saints Ligne 4 Saint Michel
77%
Portes Ligne 12 Porte de la Chapelle
75%
Portes Ligne 12 Porte de Versailles
75%
Saints Ligne 9 Porte de Saint Cloud
74%
Portes Ligne 9 Porte de Saint Cloud
74%
Portes Ligne 13 Porte de Vanves
74%
Portes Ligne 2 Porte Dauphine
73%
Portes Ligne 3 Porte de Bagnolet
73%
Portes Ligne 5 Porte de Pantin
72%
Saints Ligne 4 Saint Germain des Prés
72%
Saints Ligne 14 Saint Ouen
72%
Portes Ligne 10 Porte d'Auteuil
70%
Saints Ligne 1 Saint Mandé
70%
Portes Ligne 7 Porte de la Villette
66%
Portes Ligne 8 Porte Dorée
66%
Portes Ligne 3 Porte de Champerret
65%
Portes Ligne 7 Porte de Choisy
65%
Saints Lignes 4, 8, 9 Strasbourg Saint Denis
65%
Saints Lignes 13, 14 Mairie de Saint Ouen
64%
Portes Ligne 8 Porte de Charenton
63%
Saints Ligne 13 Saint Denis - Université
62%
Saints Ligne 5 Saint Marcel
62%
Saints Ligne 13 Saint François Xavier
61%
Saints Ligne 9 Saint Augustin
60%
Saints Ligne 6 Saint Jacques
60%
Saints Ligne 14 Cour Saint Emillion
59%
Saints Ligne 3bis Saint Fargeau
59%
Saints Ligne 13 Saint Denis - Porte de Paris
58%
Portes Ligne 13 Saint Denis - Porte de Paris
58%
Saints Ligne 12 Saint Georges
55%
Saints Ligne 9 Saint Ambroise
55%
Saints Ligne 13 Basilique de Saint Denis
54%
Saints Ligne 7bis Pré Saint Gervais
53%
Saints Ligne 9 Saint Philippe du Roule
53%
Saints Ligne 3 Rue Saint Maur
50%
Saints Ligne 8 Saint Sebastien Froissart
50%
Saints Ligne 10 Boulogne - Pont de Saint Cloud
39%
Aucun quiz correspondant
Distribution des résultats
% des personnes avec chaque résultat
Percentile par nombre de réponses
Votre historique - résultats
Vous n’avez pas pris ce quiz